Eisenhower (Record no. 501)

000 -LEADER
fixed length control field 02571cam a22006617 4500
001 - CONTROL NUMBER
control field 420267
003 - CONTROL NUMBER IDENTIFIER
control field LIBRIS
005 - DATE AND TIME OF LATEST TRANSACTION
control field 20210420064830.0
008 - FIXED-LENGTH DATA ELEMENTS--GENERAL INFORMATION
fixed length control field 011211s1984 xxu||||||b||||001 0beng|c
020 ## - INTERNATIONAL STANDARD BOOK NUMBER
International Standard Book Number 0671440691
040 ## - CATALOGING SOURCE
Original cataloging agency R
Transcribing agency DLC
041 ## - LANGUAGE CODE
Language code of text/sound track or separate title eng
080 ## - UNIVERSAL DECIMAL CLASSIFICATION NUMBER
Universal Decimal Classification number 92
Item number A-46
082 #4 - DEWEY DECIMAL CLASSIFICATION NUMBER
Classification number 973.921
Item number 092
Edition number 19
082 #4 - DEWEY DECIMAL CLASSIFICATION NUMBER
Classification number 973.921
Item number 092
Edition number 19
084 ## - OTHER CLASSIFICATION NUMBER
Classification number Lz Eisenhower, Dwight D.
Number source kssb/5
084 ## - OTHER CLASSIFICATION NUMBER
Classification number Lz Eisenhower, Dwight D.
Number source kssb/5
084 ## - OTHER CLASSIFICATION NUMBER
Classification number Lz Eisenhower,D.D.
Number source kssb/5
084 ## - OTHER CLASSIFICATION NUMBER
Classification number Kqa.5
Number source kssb/5
100 1# - MAIN ENTRY--PERSONAL NAME
Personal name Ambrose, Stephen E.,
Dates associated with a name 1936-2002.
245 10 - TITLE STATEMENT
Title Eisenhower
Number of part/section of a work Vol. 1
Name of part/section of a work Soldier, general of the army, president-elect, 1890-1952
264 #1 - PRODUCTION, PUBLICATION, DISTRIBUTION, MANUFACTURE, AND COPYRIGHT NOTICE
Place of production, publication, distribution, manufacture New York :
Name of producer, publisher, distributor, manufacturer Simon and Schuster,
Date of production, publication, distribution, manufacture, or copyright notice Cop. 1983
300 ## - PHYSICAL DESCRIPTION
Extent 750 p.
Other physical details ill.
600 10 - SUBJECT ADDED ENTRY--PERSONAL NAME
Personal name Eisenhower, Dwight D (Dwight David),
Dates associated with a name 1890-1969
600 14 - SUBJECT ADDED ENTRY--PERSONAL NAME
Personal name Eisenhower, Dwight D.
650 #0 - SUBJECT ADDED ENTRY--TOPICAL TERM
Topical term or geographic name entry element Presidents
Geographic subdivision United States
General subdivision Biography
650 #4 - SUBJECT ADDED ENTRY--TOPICAL TERM
Topical term or geographic name entry element Presidenter
650 #4 - SUBJECT ADDED ENTRY--TOPICAL TERM
Topical term or geographic name entry element Milit�rt ledarskap
650 #4 - SUBJECT ADDED ENTRY--TOPICAL TERM
Topical term or geographic name entry element Biografi
650 #4 - SUBJECT ADDED ENTRY--TOPICAL TERM
Topical term or geographic name entry element USA
650 #4 - SUBJECT ADDED ENTRY--TOPICAL TERM
Topical term or geographic name entry element Presidents
650 #4 - SUBJECT ADDED ENTRY--TOPICAL TERM
Topical term or geographic name entry element Military leadership
650 #4 - SUBJECT ADDED ENTRY--TOPICAL TERM
Topical term or geographic name entry element Biography
650 #4 - SUBJECT ADDED ENTRY--TOPICAL TERM
Topical term or geographic name entry element United States
653 ## - INDEX TERM--UNCONTROLLED
Uncontrolled term ბიოგრაფია
740 0# - ADDED ENTRY--UNCONTROLLED RELATED/ANALYTICAL TITLE
Uncontrolled related/analytical title Soldier, general of the army, president-elect, 1890-1952
772 00 - SUPPLEMENT PARENT ENTRY
Main entry heading Ambrose, Stephen E.
Title Eisenhower
Place, publisher, and date of publication New York : Simon and Schuster, 1983-1984
Record control number 9904354448
887 ## - NON-MARC INFORMATION FIELD
Content of non-MARC field {"@id":"k2vg2ftw1vvmklx","modified":"2018-10-30T23:00:00+01:00","checksum":"150909160786"}
Source of data librisxl
887 ## - NON-MARC INFORMATION FIELD
Content of non-MARC field {"@id":"nsz9bjct12cl0fw","modified":"2012-02-17T10:25:34+01:00","checksum":"38921020754"}
Source of data librisxl
887 ## - NON-MARC INFORMATION FIELD
Content of non-MARC field {"@id":"lqw78g9r4kr270s","modified":"2018-06-05T13:30:07.902+02:00","checksum":"31645249727"}
Source of data librisxl
887 ## - NON-MARC INFORMATION FIELD
Content of non-MARC field {"@id":"mrx89hbs222sdpk","modified":"2017-02-16T09:17:29+01:00","checksum":"31694989911"}
Source of data librisxl
887 ## - NON-MARC INFORMATION FIELD
Content of non-MARC field {"@id":"pt0bckdv46xn9p1","modified":"2020-05-14T16:45:17.583+02:00","checksum":"33518683943"}
Source of data librisxl
942 ## - ADDED ENTRY ELEMENTS (KOHA)
Source of classification or shelving scheme
Koha item type Books
Holdings
Withdrawn status Lost status Source of classification or shelving scheme Damaged status Not for loan Permanent location Current location Date acquired Inventory number Total Checkouts Full call number Barcode Date last seen Price effective from Koha item type
          Ken Walker International University Ken Walker International University 11/27/2020 200   92 A-46 200 11/27/2020 11/27/2020 Books

Powered by Koha